[Event "Titled Tuesday intern op 22nd Aug Early"]
[Site "Chess.com INT"]
[Date "2023.08.22"]
[Round "5"]
[White "Pein, Jonathan"]
[Black "Guzman Lozano, Campo Elias"]
[Result "1-0"]
[WhiteElo "2276"]
[BlackElo "1924"]
[PlyCount "141"]
[EventDate "2023.08.22"]
[EventType "swiss (blitz)"]
[EventRounds "11"]
[EventCountry "USA"]
[SourceTitle "EXT 2024"]
[Source "ChessBase"]
[SourceDate "2023.10.10"]
[SourceVersion "1"]
[SourceVersionDate "2023.10.10"]
[SourceQuality "1"]

1. e4 c5 2. Nh3 e6 3. f4 d5 4. d3 dxe4 5. dxe4 Qxd1+ 6. Kxd1 Nf6 7. Nf2 Bd7 8. Be3 Nc6 9. c3 Be7 10. g4 h5 11. g5 Ng4 12. Nxg4 hxg4 13. Kc2 0-0-0 14. Nd2 f6 15. gxf6 gxf6 16. Nb3 b6 17. Ba6+ Kc7 18. Rad1 Be8 19. Bc4 Bd7 20. Rd2 Rh3 21. Bf2 Bc8 22. Rxd8 Nxd8 23. Nd2 Bb7 24. Bg3 f5 25. Re1 Bh4 26. exf5 Bxg3 27. hxg3 exf5 28. Re3 Rh2 29. Bd3 Bc8 30. Kd1 Nc6 31. Re2 Rh1+ 32. Kc2 Rg1 33. Re3 Kd8 34. Nc4 Ne7 35. Nd6 Nd5 36. Re8+ Kc7 37. Nxc8 Rg2+ 38. Kb3 Rxg3 39. Bxf5 Nxf4 40. Ne7 Kd6 41. Ng6 Ne2 42. Re6+ Kd5 43. Rxe2 b5 44. a3 a5 45. Rd2+ Kc6 46. Ne5+ Kc7 47. Nxg4 b4 48. axb4 axb4 49. Ne5 bxc3 50. bxc3 Rg5 51. Rd7+ Kc8 52. Rf7+ Kd8 53. Nc6+ Ke8 54. Re7+ Kf8 55. Bd7 Rg6 56. Re6 Rg7 57. Re8+ Kf7 58. Kc4 Kf6 59. Re6+ Kg5 60. Rd6 Kf4 61. Kxc5 Rg3 62. c4 Rg7 63. Rd4+ Ke3 64. Nb4 Rg5+ 65. Nd5+ Kf3 66. Bb5 Rg8 67. Rf4+ Ke2 68. Rh4 Kd3 69. Kb4 Rb8 70. c5+ Kd2 71. c6 1-0

[Event "Titled Tuesday intern op 22nd Aug Late"]
[Site "Chess.com INT"]
[Date "2023.08.22"]
[Round "7"]
[White "Pein, Jonathan"]
[Black "Hjartarson, Johann"]
[Result "1/2-1/2"]
[WhiteElo "2276"]
[BlackElo "2432"]
[PlyCount "147"]
[EventDate "2023.08.22"]
[EventType "swiss (blitz)"]
[EventRounds "11"]
[EventCountry "USA"]
[SourceTitle "EXT 2024"]
[Source "ChessBase"]
[SourceDate "2023.10.10"]
[SourceVersion "1"]
[SourceVersionDate "2023.10.10"]
[SourceQuality "1"]

1. b3 Nf6 2. Bb2 g6 3. Bxf6 exf6 4. c4 Bg7 5. Nc3 f5 6. g3 0-0 7. Bg2 d6 8. e3 c6 9. Nge2 Nd7 10. 0-0 Nf6 11. Rc1 Re8 12. b4 h5 13. h4 Ne4 14. d3 Nxc3 15. Nxc3 Bd7 16. b5 Qa5 17. Qb3 Rab8 18. a4 a6 19. d4 axb5 20. axb5 Ra8 21. Rb1 Qa3 22. bxc6 bxc6 23. Rfc1 Bf6 24. Qxa3 Rxa3 25. Rb7 Rd8 26. Rc7 Ra6 27. Rb1 Be8 28. Bf3 Rda8 29. Rbb7 Bd8 30. Rd7 Bxd7 31. Rxd7 Ba5 32. Ne2 Rd8 33. Rb7 Kf8 34. Nf4 Be1 35. Kf1 Bc3 36. Nh3 Re8 37. Ng5 Re7 38. Nh7+ Ke8 39. Nf6+ Kd8 40. Rb8+ Kc7 41. Rf8 Ra1+ 42. Kg2 Ra2 43. Ne8+ Kd7 44. Nf6+ Ke6 45. Nh7 Be1 46. Bxc6 Rxf2+ 47. Kg1 Ra2 48. Rd8 Bf2+ 49. Kf1 Rea7 50. Re8+ Re7 51. Ng5+ Kf6 52. Nh7+ Kg7 53. Rxe7 Kxh7 54. Rxf7+ Kh6 55. Bd5 Bxg3 56. c5 dxc5 57. dxc5 Rc2 58. c6 Bxh4 59. c7 Bg3 60. e4 Rxc7 61. Rxc7 Bxc7 62. exf5 g5 63. f6 g4 64. f7 Bd6 65. Kg2 Kg5 66. Be6 h4 67. Bxg4 Kxg4 68. f8Q Bxf8 69. Kh1 Be7 70. Kg1 Bd6 71. Kh1 Bc5 72. Kg2 h3+ 73. Kh1 h2 74. Kxh2 1/2-1/2

[Event "Titled Tuesday intern op 22nd Aug Early"]
[Site "Chess.com INT"]
[Date "2023.08.22"]
[Round "7"]
[White "Pein, Jonathan"]
[Black "Mendes Domingues, Ribeiro Matheus"]
[Result "0-1"]
[WhiteElo "2276"]
[BlackElo "2115"]
[PlyCount "148"]
[EventDate "2023.08.22"]
[EventType "swiss (blitz)"]
[EventRounds "11"]
[EventCountry "USA"]
[SourceTitle "EXT 2024"]
[Source "ChessBase"]
[SourceDate "2023.10.10"]
[SourceVersion "1"]
[SourceVersionDate "2023.10.10"]
[SourceQuality "1"]

1. Nf3 d5 2. c4 e6 3. b3 Nf6 4. Bb2 c5 5. e3 Nc6 6. cxd5 exd5 7. d4 cxd4 8. Nxd4 Bb4+ 9. Bc3 Bxc3+ 10. Nxc3 Qa5 11. Qd2 Nxd4 12. Qxd4 Be6 13. Bb5+ Ke7 14. 0-0 Rhc8 15. Rac1 Rxc3 16. Qxc3 Qxb5 17. Qc7+ Qd7 18. Qc5+ Qd6 19. Qc7+ Qxc7 20. Rxc7+ Kd6 21. Rxb7 a5 22. Rc1 a4 23. b4 d4 24. Rb6+ Ke7 25. Rc7+ Nd7 26. a3 d3 27. Kf1 Rd8 28. Ke1 Kf6 29. Rd6 Ke7 30. Rxd3 Rb8 31. e4 Ke8 32. Ra7 Nb6 33. f4 Bb3 34. Kf2 Nc4 35. Rdd7 Nxa3 36. Re7+ Kf8 37. Reb7 Rxb7 38. Rxb7 Nc2 39. Rb8+ Ke7 40. b5 a3 41. b6 Kd7 42. Ra8 Kc6 43. Ra6 a2 44. b7+ Kxb7 45. Rxa2 Bxa2 46. g4 Kc6 47. Kf3 Nd4+ 48. Ke3 Kc5 49. g5 g6 50. h4 Bb3 51. Kf2 Nc2 52. Kf3 Kd4 53. f5 Bc4 54. Kf4 Bd3 55. fxg6 hxg6 56. e5 Ne3 57. h5 Nd5+ 58. Kg4 gxh5+ 59. Kxh5 Kxe5 60. g6 Bxg6+ 61. Kg5 Kd6 62. Kg4 f5+ 63. Kg3 Ke5 64. Kf3 f4 65. Kf2 Be4 66. Ke2 f3+ 67. Kf2 Kf4 68. Kf1 Ke3 69. Kg1 f2+ 70. Kf1 Bd3+ 71. Kg2 f1Q+ 72. Kh2 Be4 73. Kg3 Qf4+ 74. Kh3 Qg5 0-1

[Event "Titled Tuesday intern op 22nd Aug Early"]
[Site "Chess.com INT"]
[Date "2023.08.22"]
[Round "9"]
[White "Pein, Jonathan"]
[Black "Tologontegin, Semetey"]
[Result "0-1"]
[WhiteElo "2276"]
[BlackElo "2368"]
[PlyCount "54"]
[EventDate "2023.08.22"]
[EventType "swiss (blitz)"]
[EventRounds "11"]
[EventCountry "USA"]
[SourceTitle "EXT 2024"]
[Source "ChessBase"]
[SourceDate "2023.10.10"]
[SourceVersion "1"]
[SourceVersionDate "2023.10.10"]
[SourceQuality "1"]

1. d3 d5 2. Nf3 Nc6 3. Nbd2 e5 4. e4 Nf6 5. Be2 Bc5 6. 0-0 0-0 7. c3 Re8 8. Qc2 a5 9. h3 h6 10. b3 Ba7 11. Bb2 Nh5 12. Rfe1 Nf4 13. Bf1 dxe4 14. dxe4 Qf6 15. Rad1 Qg6 16. Kh1 Bxf2 17. Nc4 Qg3 18. Re2 Nxe2 19. Qxe2 Ba7 20. Bc1 Be6 21. Ne3 Rad8 22. Nd5 Bxd5 23. exd5 e4 24. Nh2 Ne7 25. c4 Nf5 26. Qg4 Qf2 27. Rd2 Qg1# 0-1